000 01871nam a2200229Ia 4500
008 260220t1984||||xx |||||||||||||| ||spa||
040 _aPY-SlUNAC
_bspa
_erda
041 _aspa
082 _a633.58
_bP212c
245 0 _aCaracterización de la situación socio-económica y la tecnología de los sistemas de producción de la caña de azúcar en Natalicio Talavera y distritos vecinos
264 _aAsunción :
_bMinisterio de Agricultura y Ganadería,
_c℗1984.
300 _a1 volumen
520 _aEl libro "Caracterización de la situación socio-económica y la tecnología de los sistemas de producción de la caña de azúcar en Natalicio Talavera y distritos vecinos", publicado por el Ministerio de Agricultura y Ganadería en 1984, ofrece un análisis exhaustivo del contexto socioeconómico y tecnológico relacionado con la producción de caña de azúcar en la región de Natalicio Talavera. A través de la recopilación de datos y estudios de campo, se examinan las prácticas agrícolas, la infraestructura disponible, así como el impacto de las políticas agrícolas en la productividad y sostenibilidad del cultivo. El texto también destaca la importancia de la caña de azúcar como un motor económico para las comunidades locales y su papel en la generación de empleo. Además, se discuten los desafíos que enfrenta el sector, como el acceso a tecnología moderna y la necesidad de mejorar las condiciones de vida de los productores. En conjunto, la obra proporciona una base sólida para futuras investigaciones y formulaciones de políticas agrícolas en la región.
653 _aCaña de azúcar
653 _aDesarrollo rural
653 _aProducción agrícola
942 _b2026/02/17
_cBK
999 _c8651
_d8651